000 00880nam a22002055i 4500
001 167292
003 ES-MaACL
005 20250818063110.0
008 960520q1900 sp |||| | spa d
100 1 _aVerne, Jules,
_d1828-1905
_9188654
245 1 0 _aHistoria de los grandes viajes y de los grandes viajeros /
_cobra escrita en francés por Julio Verne ; versión española.
250 _aEd. ilustrada con grabados.
260 _aMadrid :
_bSáenz de Jubera, Hermanos,
_c[ca. 1900]
300 _a70 p. :
_bil. ;
_c28 cm.
594 _aPrecede al tít.: Descubrimientos de la tierra
594 _a"Contiene esta obra los viajes de Hannon, Heródoto, Phyteas, Nearco, Eudoxo, César, Estrabón, Pausanias..."
597 _aTexto a dos columnas
852 4 _aES-MaACL
_jB-12390(6)
_z- Enc. ed. en tela roja con planchas polícromas
999 _c167292
_d167292